Welcome to CU Library Online Public Access Catalogue (OPAC)

General Chemistry/ (Record no. 1626)

MARC details
000 -LEADER
fixed length control field 00717nam a22001937a 4500
005 - DATE AND TIME OF LATEST TRANSACTION
control field 20241127144307.0
008 - FIXED-LENGTH DATA ELEMENTS--GENERAL INFORMATION
fixed length control field 241127b |||||||| |||| 00| 0 eng d
020 ## - INTERNATIONAL STANDARD BOOK NUMBER
International Standard Book Number 9780131988255
050 ## - LIBRARY OF CONGRESS CALL NUMBER
Classification number QD31 PET
100 ## - MAIN ENTRY--PERSONAL NAME
Personal name Petrucci, Ralph H.
245 ## - TITLE STATEMENT
Title General Chemistry/
Remainder of title principles and modern applications
Statement of responsibility, etc. Ralph H. Petrucci, William S. Harwood, F. Geoffrey Herring & Jeffry D. Madura
250 ## - EDITION STATEMENT
Edition statement 9th ed.
Remainder of edition statement Pearson International edition
260 ## - PUBLICATION, DISTRIBUTION, ETC.
Place of publication, distribution, etc. Upper Saddle River, New Jersey
Name of publisher, distributor, etc. Pearson Prentice Hall
Date of publication, distribution, etc. 2007
300 ## - PHYSICAL DESCRIPTION
Extent xxviii.1172.various paging
Other physical details ill. some color
Dimensions 27.5cm
700 ## - ADDED ENTRY--PERSONAL NAME
Personal name Harwood, William S.
700 ## - ADDED ENTRY--PERSONAL NAME
Personal name Herring, F. Geoffrey
700 ## - ADDED ENTRY--PERSONAL NAME
Personal name Madura, Jeffry D.
942 ## - ADDED ENTRY ELEMENTS (KOHA)
Source of classification or shelving scheme Library of Congress Classification
Koha item type Books
Edition 9th ed.
Suppress in OPAC No
999 ## -
-- 1626
-- 1626
Holdings
Withdrawn status Lost status Source of classification or shelving scheme Damaged status Not for loan Collection Home library Current library Shelving location Date acquired Total checkouts Full call number Barcode Date last seen Copy number Price effective from Koha item type
    Library of Congress Classification     Non-fiction Science Library (Miotso) Science Library (Miotso) General stacks 11/27/2024   QD31 PET SLM00000932 11/27/2024 1 11/27/2024 Books
    Library of Congress Classification     Non-fiction Science Library (Miotso) Science Library (Miotso) General stacks 11/30/2024   QD31 PET SLM00001002 11/30/2024 2 11/30/2024 Books
    Library of Congress Classification     Non-fiction Science Library (Miotso) Science Library (Miotso) General stacks 11/30/2024   QD31 PET SLM00001003 11/30/2024 3 11/30/2024 Books
© 2023-2024 Copyright: Central University Libraries. All Rights Reserved | Created by: Mahone Tech Office